000 00780nam a2200277Ia 4500
005 20260320195830.0
008 008 262003s9999 xx 000 0 hin d
020 _a9789392186103
037 _aEBOOK
040 _aCRL
040 _bhin
040 _cCRL
041 _2hin
041 _ahin
084 _qCRL
100 _aसूर्यकान्त त्रिपाठी
_91133252
245 0 _aभारतीय भक्ति आन्दोलन और श्रीमंत शंकरदेव
250 _a1st
260 _bRajkamal
260 _c2021
300 _a176
856 _uhttps://ebook.indiaread.in/pdfs/bhartiya_bhakti_aandolan_aur_shrimant_shankardev.pdf
942 _cEBOOK
999 _c1716738
_d1716738